000 00537nam a2200181Ia 4500
008 151202s9999||||xx |||||||||||||| ||und||
082 _bPNVM-65190
100 _aलोढा निशा.
245 _aविधिलीखित.
260 _b"मेघना प्रक ाशन, पुणे."
260 _c2007
300 _a232
600 _aलोढा निशा.
630 _aविधिलीखित.
700 _aलोढा निशा.
730 _aविधिलीखित.
942 _cBOOK
999 _c1331722
_d1331719